[Event "Hamburg HSV"]
[Site "Hamburg"]
[Date "1986.??.??"]
[Round "?"]
[White "Lautier, Joel"]
[Black "Chevaldonnet, Francois"]
[Result "0-1"]
[WhiteElo "2255"]
[BlackElo "2290"]

1.d4 Nf6 2.c4 g6 3.Nc3 Bg7 4.e4 d6 5.Be2 O-O 6.Nf3 e5 7.O-O Nc6 8.d5 Ne7
9.Ne1 Ne8 10.f3 f5 11.Be3 f4 12.Bf2 g5 13.c5 Rf7 14.cxd6 cxd6 15.a4 h5 16.a5 Bf8
17.Nb5 a6 18.Bb6 Qd7 19.Na7 Rg7 20.Bc4 Ng6 21.Rc1 Qe7 22.b4 Bd7 23.b5 axb5
24.Bxb5 g4 25.Bxd7 Qxd7 26.Kh1 Be7 27.Rc2 Bd8 28.Qc1 Ne7 29.Nd3 Nf6 30.Nc6 Bxb6
31.axb6 Ne8 32.Ndxe5 dxe5 33.Nxe5 Qa4 34.Rc4 Qa2 35.fxg4 hxg4 36.Rc2 Qa4
37.Rxf4 Qxc2  0-1

[Event "NLD-ch"]
[Site "Hilversum"]
[Date "1986.??.??"]
[Round "2"]
[White "Ree, Hans"]
[Black "Scheeren, Peter"]
[Result "1-0"]
[WhiteElo "2455"]
[BlackElo "2455"]

1.d4 Nf6 2.c4 g6 3.Nc3 Bg7 4.e4 d6 5.Nf3 O-O 6.Be2 e5 7.O-O Nc6 8.d5 Ne7
9.Ne1 Nd7 10.Nd3 f5 11.Bd2 Nf6 12.f3 Kh8 13.Qc2 Neg8 14.exf5 gxf5 15.Rae1 Qe8
16.Nf2 Bd7 17.g4 Ne7 18.Kh1 Ng6 19.h3 Ng8 20.Qc1 fxg4 21.hxg4 Nf4 22.Bxf4 Rxf4
23.Nce4 Qg6 24.Nh3 Bh6 25.Qc2 Raf8 26.Nxf4 Bxf4 27.Kg2 Nh6 28.Qd3 Nf5 29.Rh1 Ne3+
30.Kg1 Nxg4 31.fxg4 Bxg4 32.Bxg4 Qxg4+ 33.Ng3 Qxg3+ 34.Qxg3 Bxg3 35.Rf1 Bf4
36.Kf2 h6 37.Kf3 Kg7 38.Ke4 Rf6 39.Rfg1+ Bg5 40.Rf1 Bf4 41.b4 Kg6 42.Rh3 h5
43.c5 Bg5 44.Rxf6+ Bxf6 45.c6 b5 46.Ra3 h4 47.Rxa7 Bg5 48.a4  1-0

[Event "NLD-ch"]
[Site "Hilversum"]
[Date "1986.??.??"]
[Round "6"]
[White "Boersma, Paulus A"]
[Black "Scheeren, Peter"]
[Result "0-1"]
[WhiteElo "2405"]
[BlackElo "2455"]

1.Nf3 Nf6 2.c4 g6 3.Nc3 Bg7 4.e4 O-O 5.d4 d6 6.Be2 e5 7.O-O Nc6 8.d5 Ne7
9.Bd2 Ne8 10.Rc1 f5 11.Ng5 Nf6 12.exf5 Nxf5 13.Bd3 Nd4 14.Ne2 Nf5 15.Qc2 Qe7
16.Rce1 Bd7 17.Ng3 Nxg3 18.hxg3 Bh6 19.Re2 Qg7 20.c5 Bxg5 21.Bxg5 Rac8 22.Qb3 b6
23.cxd6 cxd6 24.Qa3 Bf5 25.Bb5 Rc5 26.Qb3 Rfc8 27.Be3 R5c7 28.Ba6 Rd8 29.Rc1 Rxc1+
30.Bxc1 Rd7 31.Bg5 Rc7 32.Qb4 Qf8 33.Qh4 Nxd5 34.Bc4 Be6 35.Rd2 Qf7 36.Bh6 Nf6
37.Bb3 Bxb3 38.axb3 d5 39.Qg5 Qe6 40.f3 d4 41.Re2 Re7 42.Qh4 d3 43.Rd2 Rd7
44.Qb4 Qd6 45.Qc4+ Kh8 46.Kf1 Ng8 47.Be3 Ne7 48.g4 Kg7 49.Bf2 Nc6 50.Qc3 Kf7
51.Bg3 Qd5 52.Kg1 Qc5+ 53.Kf1 Qxc3 54.bxc3 e4 55.fxe4 Ke6 56.Kf2 Na5 57.Ke3 Nxb3
58.Rxd3 Rxd3+ 59.Kxd3 b5 60.Bf2 a6 61.c4 bxc4+ 62.Kxc4 Na5+ 63.Kc5 Ke5 64.Be1 Nb7+
65.Kc6 Nd8+ 66.Kd7 Nf7 67.Ke7 Nh6 68.g5 Ng4 69.Kf7 Kxe4 70.Kg7 Kf5 71.Bd2 Ke6  0-1

[Event "DSV-Turnier"]
[Site "Leipzig"]
[Date "1986.??.??"]
[Round "1"]
[White "Boensch, Uwe"]
[Black "Hazai, Laszlo"]
[Result "1/2-1/2"]
[WhiteElo "2535"]
[BlackElo "2480"]

1.d4 Nf6 2.c4 g6 3.Nc3 Bg7 4.e4 d6 5.Be2 O-O 6.Nf3 e5 7.O-O Nc6 8.d5 Ne7
9.Nd2 c5 10.Rb1 Ne8 11.b4 b6 12.bxc5 bxc5 13.Nb3 f5 14.Bg5 Bf6 15.Bd2 Bd7
16.f3 Nc8 17.exf5 gxf5 18.Bd3 Ne7 19.Ne2 Ng6 20.Na5 Bg5 21.Rb7 Rf7 22.Nc6 Qf6
23.f4 Nxf4 24.Nxf4 exf4 25.Bxf4 Bxf4 26.Rxf4 Ng7 27.Qb1 Re8 28.Rf1 a6 29.Re1 Qc3
30.Rxe8+ Bxe8 31.Rb8 Rf8 32.Ne7+ Kh8 33.Kh1 Qe5 34.Nc6 Qf6 35.Qe1 f4 36.Qe7 Qxe7
37.Nxe7 f3 38.Kg1 fxg2 39.Rd8 Nh5 40.Nf5 Nf4 41.Be4 Rg8 42.Ng3 Nh3+ 43.Kxg2 Ng5
44.Bf5 Bg6 45.Rd7 Ne4 46.Be6 Rf8 47.Nxe4 Bxe4+ 48.Kg3 Bd3 49.Rxd6 Bxc4 50.a4 a5
51.Rc6 Bb3 52.Rxc5 Bxa4 53.d6 Rd8 54.d7 Bxd7 55.Rd5 a4  1/2-1/2

[Event "GLC Masters"]
[Site "London"]
[Date "1986.??.??"]
[Round "3"]
[White "Condie, Mark L"]
[Black "Gallagher, Joseph G"]
[Result "1-0"]
[WhiteElo "2425"]
[BlackElo "2325"]

1.d4 Nf6 2.Nf3 g6 3.c4 Bg7 4.Nc3 O-O 5.e4 d6 6.Be2 e5 7.O-O Nc6 8.d5 Ne7
9.Ne1 Nd7 10.f3 f5 11.g4 Nf6 12.Nd3 c6 13.Be3 Kh8 14.h3 b5 15.Nb4 bxc4 16.Bxc4 cxd5
17.Nbxd5 Nexd5 18.Nxd5 fxe4 19.Nxf6 Rxf6 20.fxe4 Bb7 21.Qd3 Qe7 22.Rxf6 Bxf6
23.Rf1 Rb8 24.Bh6 d5 25.Bxd5 Bxd5 26.Qxd5 Rd8 27.Qc6 Bg7 28.Be3 Qb4 29.b3 Qa5
30.Bg5 Rg8 31.Rf2 Qe1+ 32.Kg2 Qb1 33.Bf6 h6 34.Bxg7+ Rxg7 35.Qe8+ Kh7 36.Qxe5 Qd3
37.Qd5 Qe3 38.Rd2 h5 39.Qd4 Qe1 40.Qd3 h4 41.Re2 Qc1 42.Qe3 Qd1 43.Qd2 Qb1
44.Re1  1-0

[Event "GLC Masters"]
[Site "London"]
[Date "1986.??.??"]
[Round "5"]
[White "Knott, Simon JB"]
[Black "McDonald, Neil R"]
[Result "1/2-1/2"]
[WhiteElo "2320"]
[BlackElo "2320"]

1.c4 Nf6 2.Nc3 g6 3.Nf3 Bg7 4.e4 d6 5.d4 O-O 6.Be2 e5 7.O-O Nc6 8.d5 Ne7
9.Ne1 Ne8 10.Nd3 f5 11.f4 exf4 12.Nxf4 Nf6 13.exf5 Nxf5 14.g4 Ne7 15.h3 c6
16.Be3 g5 17.Ne6 Bxe6 18.dxe6 d5 19.Bxg5 Qd6 20.Rf3 Qxe6 21.cxd5 Nfxd5 22.Bc4 Rxf3
23.Qxf3 Rf8 24.Qe4 Qxe4 25.Nxe4 Ng6 26.Kg2 h6 27.Bd2 b5 28.Bb3 Bxb2 29.Rb1 Be5
30.Rc1 Kg7 31.Rxc6 Nh4+ 32.Kg1 Bd4+ 33.Kh2 Nf3+ 34.Kg2 Nxd2 35.Bxd5 Nxe4
36.Bxe4 Rf2+ 37.Kg3 Rxa2 38.Rg6+ Kf7 39.Rxh6 Ra3+ 40.Kg2  1/2-1/2

[Event "SWE-ch"]
[Site "Malmo"]
[Date "1986.??.??"]
[Round "?"]
[White "Welin, Thomas"]
[Black "Ernst, Thomas"]
[Result "1-0"]
[WhiteElo "2410"]
[BlackElo "2445"]

1.d4 Nf6 2.Nf3 g6 3.c4 Bg7 4.Nc3 O-O 5.e4 d6 6.Be2 e5 7.O-O Nc6 8.d5 Ne7
9.b4 Nh5 10.c5 Nf4 11.Bxf4 exf4 12.Qd2 h6 13.Rad1 Bd7 14.Nd4 g5 15.Rfe1 a6
16.Bc4 Re8 17.a3 Ng6 18.c6 bxc6 19.dxc6 Bg4 20.Rc1 Qf6 21.Nf5 Ne5 22.Nd5 Qd8
23.Bf1 h5 24.a4 h4 25.b5 axb5 26.axb5 Bxf5 27.exf5 Qb8 28.b6 cxb6 29.Bb5 Rf8
30.f6  1-0

[Event "Minsk Int"]
[Site "Minsk"]
[Date "1986.??.??"]
[Round "?"]
[White "Paunovic, Dragan"]
[Black "Dydyshko, Viacheslav"]
[Result "1/2-1/2"]
[WhiteElo "2425"]
[BlackElo "2485"]

1.d4 Nf6 2.c4 g6 3.Nc3 Bg7 4.e4 O-O 5.Be2 d6 6.Nf3 e5 7.O-O Nc6 8.d5 Ne7
9.Nd2 c5 10.Rb1 Nd7 11.b4 f5 12.bxc5 Nxc5 13.f3 Kh8 14.Nb3 b6 15.Nxc5 bxc5
16.Bg5 Bf6 17.Bd2 f4 18.Qa4 g5 19.Nd1 Bd7 20.Qa6 Bc8 21.Qa5 Ng8 22.Nf2 Qxa5
23.Bxa5 Bd8 24.Bc3 Nf6 25.Rb3 Bc7 26.Rfb1 h5 27.h3 Rg8 28.Kf1 Kg7 29.Ke1 Kf7
30.Kd2 Ke7 31.Rh1 Bb6 32.a4 Bc7 33.a5 Rb8 34.Rxb8 Bxb8 35.Kd3 Bc7 36.Kd2 Bd7
37.Rb1 Rb8 38.Rxb8 Bxb8 39.Bd1 Bc7 40.Kc2 Kf7 41.Kd2 Ke8 42.Kc1 Nh7 43.Nd3 Nf8
44.Nb2 Ng6 45.Be1 Ke7 46.Ba4 Bc8 47.Kd1 Bxa5 48.Bxa5 Nh4 49.Nd3 Nxg2 50.Nf2 Ne3+
51.Kc1 Nxc4 52.Bc3 Ba6 53.Bd1 Ne3 54.Kd2 Nxd1 55.Kxd1 Bf1 56.Ke1 Bg2 57.Ke2 h4
58.Bd2 Kd7 59.Bc3 Kc8 60.Ba5 Kd7 61.Bc3  1/2-1/2

[Event "Moscow-B"]
[Site "Moscow"]
[Date "1986.??.??"]
[Round "?"]
[White "Chekhov, Valery A"]
[Black "Kuzmin, Alexey"]
[Result "0-1"]
[WhiteElo "2495"]
[BlackElo "2355"]

1.d4 Nf6 2.c4 g6 3.Nc3 Bg7 4.e4 d6 5.Nf3 O-O 6.Be2 e5 7.O-O Nc6 8.Be3 Ng4
9.Bg5 f6 10.Bh4 g5 11.Bg3 Nh6 12.d5 Ne7 13.Nd2 Ng6 14.Re1 Nf4 15.Bf1 a5 16.a3 Bg4
17.f3 Bd7 18.b4 g4 19.Rc1 axb4 20.axb4 f5 21.fxg4 Nxg4 22.exf5 Bxf5 23.Nde4 Nf6
24.Ra1 Rxa1 25.Qxa1 Nxe4 26.Nxe4 Qe8 27.Qa7 Qg6 28.Nd2 Nd3 29.Bxd3 Bxd3 30.c5 e4
31.cxd6 cxd6 32.Bf2 Bc3 33.Be3 Qf5 34.h3 Qxd5 35.Qa3 Bd4 36.Bxd4 Qxd4+ 37.Kh1 Rf2
38.Qa8+ Rf8 39.Qa3 d5 40.Qc1 Qxb4 41.Nxe4 Bxe4 42.Qg5+ Bg6 43.Qxd5+ Kg7 44.Rc1 Kh6
45.Qe5 Qf4 46.Qb2 Rf7 47.Rc3 Qf1+ 48.Kh2 Qf2 49.Qa3 Qd4 50.Rb3 Qe5+ 51.Rg3 Qf4
52.Kh1 Rc7 53.Qb3 b5  0-1

[Event "Moscow"]
[Site "Moscow"]
[Date "1986.??.??"]
[Round "?"]
[White "Eingorn, Vereslav S"]
[Black "Hebden, Mark"]
[Result "1-0"]
[WhiteElo "2560"]
[BlackElo "2445"]

1.d4 Nf6 2.Nf3 g6 3.c4 Bg7 4.Nc3 O-O 5.e4 d6 6.Be2 e5 7.O-O Nc6 8.d5 Ne7
9.Nd2 c5 10.Rb1 Ne8 11.b4 b6 12.bxc5 bxc5 13.Nb3 f5 14.Bg5 Bf6 15.Bd2 Kh8
16.Bd3 Bg7 17.f3 Ng8 18.Ne2 f4 19.Na5 g5 20.Nc6 Qf6 21.Qe1 g4 22.fxg4 Bxg4
23.Ng3 Nh6 24.Be2 Qh4 25.Nh1 Qg5 26.Rb3 Nf6 27.Nf2 Rf7 28.Ba5 Bxe2 29.Qxe2 Nfg8
30.Rfb1 Bf8 31.Qf3 Be7 32.Rb8 Rxb8 33.Rxb8 Qg6 34.Bc3 Bh4 35.Nd3 Rg7 36.Ncxe5 dxe5
37.Nxe5 Qg5 38.Rf8 Be1 39.Bxe1 Qxe5 40.Bc3 Qg5 41.Rxf4 Ne7 42.h4  1-0

[Event "DDR-ch playoff"]
[Site "Nordhausen"]
[Date "1986.??.??"]
[Round "?"]
[White "Boensch, Uwe"]
[Black "Uhlmann, Wolfgang"]
[Result "1/2-1/2"]
[WhiteElo "2475"]
[BlackElo "2505"]

1.d4 Nf6 2.c4 g6 3.Nc3 Bg7 4.e4 d6 5.Be2 O-O 6.Nf3 e5 7.O-O Nc6 8.d5 Ne7
9.b4 Nh5 10.c5 Nf4 11.Bxf4 exf4 12.Rc1 a5 13.Nb5 axb4 14.cxd6 cxd6 15.Qb3 Bg4
16.Rc7 Bc3 17.Rc1 b6 18.Nfd4 Bd7 19.Rc4 Bxb5 20.Nxb5 g5 21.a3 Ng6 22.axb4 Be5
23.Rc6 Rb8 24.Na3 Qf6 25.Nc4 b5 26.Nb6 Rfd8 27.Bg4 f3 28.g3 Bb2 29.Rb1 Ne5
30.Qxb2 Nxg4 31.Qxf6 Nxf6 32.e5 Ng4 33.exd6 Ne5 34.Rbc1 Nxc6 35.Rxc6 Kg7
36.Kf1 Kf6 37.d7+ Ke5 38.Ke1 Rxb6 39.Rxb6 Rxd7 40.Rxb5 Kd4 41.Kd2 Kc4 42.Rb6 Rxd5+
43.Ke3 g4 44.Rh6 Rd3+ 45.Kf4 Rd4+ 46.Ke3 Rd3+  1/2-1/2

[Event "Philadelphia"]
[Site "Philadelphia"]
[Date "1986.??.??"]
[Round "?"]
[White "Donaldson, John W"]
[Black "Schroer, Jonathan"]
[Result "1/2-1/2"]
[WhiteElo "2420"]
[BlackElo "2370"]

1.d4 Nf6 2.c4 g6 3.Nc3 Bg7 4.e4 d6 5.Be2 O-O 6.Nf3 e5 7.O-O Nc6 8.d5 Ne7
9.b4 Nh5 10.g3 f5 11.Ng5 Nf6 12.f3 c6 13.b5 Ne8 14.bxc6 bxc6 15.c5 h6 16.Ba3 dxc5
17.Bxc5 hxg5 18.d6 Nxd6 19.Qxd6 Qxd6 20.Bxd6 Kf7 21.Na4 Rd8 22.Rfd1 Be6 23.Nc5 Nc8
24.Nxe6  1/2-1/2

[Event "POL-ch"]
[Site "?"]
[Date "1986.??.??"]
[Round "11"]
[White "Adamski, Jan"]
[Black "Nowak, Ignacy"]
[Result "1/2-1/2"]
[WhiteElo "2380"]
[BlackElo "2420"]

1.d4 Nf6 2.Nf3 g6 3.c4 Bg7 4.Nc3 O-O 5.e4 d6 6.Be2 e5 7.O-O Nc6 8.d5 Ne7
9.Nd2 a5 10.Rb1 c5 11.a3 Ne8 12.b4 axb4 13.axb4 b6 14.bxc5 bxc5 15.Nb3 f5
16.Bg5 Bf6 17.Bd2 fxe4 18.Nxe4 Nf5 19.Ra1 Rxa1 20.Qxa1 Nd4 21.Nxd4 exd4 22.Bd3  1/2-1/2

[Event "POL-chT"]
[Site "Porabka"]
[Date "1986.??.??"]
[Round "?"]
[White "Stempin, Pawel"]
[Black "Sznapik, Aleksander"]
[Result "1/2-1/2"]
[WhiteElo "2420"]
[BlackElo "2425"]

1.d4 Nf6 2.Nf3 g6 3.c4 Bg7 4.Nc3 O-O 5.e4 d6 6.Be2 e5 7.O-O Nc6 8.d5 Ne7
9.Nd2 c5 10.dxc6 bxc6 11.b4 Nh5 12.Bxh5 gxh5 13.Qxh5 f5 14.b5 cxb5 15.Nxb5 Rf6
16.Nf3 f4 17.Ng5 h6 18.Nf3 Rg6 19.h3 Be6 20.Nh4 Rg5 21.Qf3 a6 22.Na3 Bf6
23.Rb1 Ra7 24.Kh2 Rg7 25.Nf5 Nxf5 26.exf5 Bxf5 27.Qd5+ Kh7 28.Rb3 Qa8 29.Qxa8 Rxa8
30.g4 Be4 31.f3 Bc6 32.Rb6 Rc7 33.Nb1 Bd8 34.Ba3 Rcc8 35.Rb2 d5 36.Bd6 Bf6
37.cxd5 Bxd5 38.Rd2 Bc4 39.Re1 Re8 40.Nc3 Rad8 41.Ne4 Bh4 42.Rc1 Bf7 43.Rc7 Kg8
44.g5 Re6 45.gxh6 Bg6 46.Rg7+ Kh8 47.Bc7 Rxd2+ 48.Nxd2 Bf2 49.Nc4 Bd4 50.Bxe5 Bxe5
51.Nxe5 Rxe5 52.Rxg6 Re2+ 53.Rg2 Re3 54.Rf2 Kh7 55.Kg2 Kxh6 56.Rd2 Ra3 57.Kf2  1/2-1/2

[Event "POL-chT"]
[Site "Porabka"]
[Date "1986.??.??"]
[Round "?"]
[White "Rakowiecki, Tomasz"]
[Black "Karpik, Tadeusz"]
[Result "1-0"]
[WhiteElo "2310"]
[BlackElo "2285"]

1.Nf3 Nf6 2.c4 g6 3.Nc3 Bg7 4.d4 O-O 5.e4 d6 6.Be2 e5 7.O-O Nc6 8.Be3 Ng4
9.Bg5 Bf6 10.Bxf6 Nxf6 11.h3 exd4 12.Nxd4 Bd7 13.f4 Nxd4 14.Qxd4 Bc6 15.Bf3 Nd7
16.Rad1 Re8 17.b4 b6 18.b5 Bb7 19.e5 Bxf3 20.Rxf3 Re6 21.Ne4 Qe7 22.exd6 cxd6
23.Ng5 Re2 24.Qxd6 Qxd6 25.Rxd6 Nc5 26.Ra3 Rc2 27.Rxb6 h6 28.Rc6 hxg5 29.Rxc5 Rd8
30.Rxg5 Rxc4 31.Rxa7 Rxf4 32.a4 Kg7 33.Rg3 Rb4 34.Rf3 Rf8 35.Kh2 g5 36.Ra6 Rb8
37.Rf5 f6 38.Rfxf6 Rxa4 39.Rg6+ Kf7 40.Rgf6+ Kg7 41.Rg6+ Kh7 42.Rxg5 Rxb5
43.Rxb5 Rxa6 44.Rb2 Kh8 45.h4 Kg7 46.Kh3 Kh7 47.h5 Kh6 48.Kh4 Ra4+ 49.g4 Rc4
50.Rb6+ Kh7 51.Re6 Ra4 52.Kg5 Kh8 53.Kf5 Kh7 54.Re7+ Kg8 55.g5 Ra5+ 56.Re5 Ra7
57.g6 Ra8 58.h6 Rf8+ 59.Kg5 Ra8 60.h7+ Kh8  1-0

[Event "FIN-ch"]
[Site "Pori"]
[Date "1986.??.??"]
[Round "?"]
[White "Pyhala, Antti"]
[Black "Pirttimaki, Timo"]
[Result "1-0"]
[WhiteElo "2340"]
[BlackElo "2325"]

1.d4 Nf6 2.c4 g6 3.Nc3 Bg7 4.e4 O-O 5.Be2 d6 6.Nf3 e5 7.O-O Nc6 8.d5 Ne7
9.Nd2 c5 10.a3 Ne8 11.b4 f5 12.Nb3 b6 13.Bd2 Nf6 14.f3 Bd7 15.Qc2 f4 16.a4 g5
17.bxc5 bxc5 18.Nb5 Ne8 19.Na5 Qc8 20.Rab1 h5 21.Na3 g4 22.Rb7 Rf6 23.Rfb1 Rg6
24.Nb5 gxf3 25.Bxf3 Bh3 26.Kh1 Bxg2+ 27.Bxg2 Rxg2 28.Kxg2 Qg4+ 29.Kf2 Qh4+
30.Kf1 Qh3+ 31.Ke1 Qg4 32.h3 Qg1+ 33.Ke2 Qg2+ 34.Kd1 f3 35.Be1 Nf6 36.Nxd6 Rf8
37.R1b2 Qxh3 38.Rxe7 Ng4 39.Qd3 Bh6 40.Nf5 Rxf5 41.exf5 Ne3+ 42.Qxe3 Bxe3
43.Rb8+  1-0

[Event "Poznan"]
[Site "Poznan"]
[Date "1986.??.??"]
[Round "8"]
[White "Nowak, Ignacy"]
[Black "Schmidt, Wlodzimierz"]
[Result "1/2-1/2"]
[WhiteElo "2420"]
[BlackElo "2450"]

1.Nf3 Nf6 2.c4 g6 3.Nc3 Bg7 4.e4 d6 5.d4 O-O 6.Be2 e5 7.O-O Nc6 8.d5 Ne7
9.Nd2 a5 10.a3 c5 11.Rb1 Ne8 12.b4 axb4 13.axb4 b6 14.bxc5 bxc5 15.Nb3 f5
16.f3 Nf6 17.Bd2 Nh5 18.Re1 Kh8 19.Ra1  1/2-1/2

[Event "CSR-ch"]
[Site "Prague"]
[Date "1986.??.??"]
[Round "1"]
[White "Stohl, Igor"]
[Black "Vokac, Marek"]
[Result "0-1"]
[WhiteElo "2465"]
[BlackElo "2390"]

1.d4 Nf6 2.c4 g6 3.Nc3 Bg7 4.e4 d6 5.Be2 O-O 6.Nf3 e5 7.O-O Nc6 8.d5 Ne7
9.Nd2 a5 10.Rb1 c5 11.a3 Kh8 12.b4 axb4 13.axb4 b6 14.bxc5 bxc5 15.Nb3 Ne8
16.Bd2 f5 17.Ra1 Rxa1 18.Qxa1 Ng8 19.Qa8 Nef6 20.exf5 gxf5 21.f4 Ne4 22.Nxe4 fxe4
23.Qb8 Qd7 24.Be3 Bb7 25.Qa7 Ra8 26.Qb6 Ra6 27.Qb5 Qxb5 28.cxb5 Ra8 29.Bc4 Nf6
30.fxe5 Nxd5 31.Bg5 Bxe5 32.Rf7 Nb6 33.Be6 Bd5 34.Bf6+ Bxf6 35.Rxf6 Bxb3
36.Bxb3 c4 37.Bc2 e3 38.Rxd6 Ra2 39.Rxb6 Ra1+  0-1

[Event "Quebec"]
[Site "Quebec"]
[Date "1986.??.??"]
[Round "8"]
[White "Bolduc, Steve"]
[Black "Levtchouk, George"]
[Result "0-1"]
[WhiteElo "2230"]
[BlackElo "2280"]

1.d4 g6 2.c4 Bg7 3.Nc3 d6 4.e4 Nf6 5.Be2 O-O 6.Nf3 e5 7.O-O Nc6 8.d5 Ne7
9.Ne1 Nd7 10.Nd3 f5 11.f3 f4 12.Bd2 g5 13.b4 Rf6 14.c5 Rg6 15.cxd6 cxd6 16.Nf2 Nf6
17.a4 h5 18.h3 g4 19.hxg4 hxg4 20.fxg4 Bh6 21.Rc1 a6 22.a5 b5 23.axb6 Qxb6
24.Na4 Qa7 25.Qc2 Bd7 26.Nb2 Rc8 27.Qb1 f3 28.Rxc8+ Nxc8 29.Bxh6 fxe2  0-1

[Event "Reykjavik op"]
[Site "Reykjavik"]
[Date "1986.??.??"]
[Round "1"]
[White "Yrjola, Jouni"]
[Black "Gudmundsson, Elvar"]
[Result "1/2-1/2"]
[WhiteElo "2440"]
[BlackElo "2320"]

1.d4 Nf6 2.c4 g6 3.Nc3 Bg7 4.e4 d6 5.Be2 O-O 6.Nf3 e5 7.O-O Nc6 8.d5 Ne7
9.b4 Nh5 10.c5 f5 11.Ng5 Nf6 12.exf5 gxf5 13.Qb3 h6 14.cxd6 cxd6 15.Ne6 Bxe6
16.dxe6 d5 17.Rd1 d4 18.Ba3 Rc8 19.b5 Re8  1/2-1/2

[Event "Rome-B"]
[Site "Rome"]
[Date "1986.??.??"]
[Round "?"]
[White "Passerotti, Pierluigi"]
[Black "Bellia, Fabrizio"]
[Result "1-0"]
[WhiteElo "2310"]
[BlackElo "2230"]

1.Nf3 Nf6 2.c4 g6 3.Nc3 Bg7 4.e4 d6 5.Be2 e5 6.d4 O-O 7.O-O Nc6 8.d5 Ne7
9.Ne1 Nd7 10.f3 f5 11.g4 Nf6 12.Nd3 Kh8 13.Be3 c6 14.h3 b5 15.Nb4 bxc4 16.Bxc4 Bb7
17.dxc6 Nxc6 18.Nxc6 Bxc6 19.Qd3 fxe4 20.fxe4 Qd7 21.Rf2 Qb7 22.Ba6 Qd7 23.Raf1 Ng8
24.Bc4 Rxf2 25.Rxf2 Rf8 26.b4 Rxf2 27.Bxf2 Nf6 28.b5 Bb7 29.a4 h5 30.g5 Nh7
31.h4 Nf8 32.a5 Ne6 33.Qh3 Bc8 34.Qxe6 Qxe6 35.Bxe6 Bxe6 36.Bxa7 Bc4 37.b6 Ba6
38.Nb5 d5 39.Nc7 Bc8 40.a6  1-0

[Event "BUL-DDR"]
[Site "Sofia"]
[Date "1986.??.??"]
[Round "1"]
[White "Gruenberg, Hans Ulrich"]
[Black "Georgiev, Krum"]
[Result "1/2-1/2"]
[WhiteElo "2460"]
[BlackElo "2460"]

1.d4 Nf6 2.c4 g6 3.Nc3 Bg7 4.e4 d6 5.Be2 O-O 6.Nf3 e5 7.O-O Nc6 8.Be3 Re8
9.dxe5 dxe5 10.Qxd8 Nxd8 11.Nb5 Ne6 12.Ng5 Re7 13.Nxe6 Bxe6 14.f3 c6 15.Nc3 Rd7
16.a3 Bf8  1/2-1/2

[Event "BCF-ch"]
[Site "Southampton"]
[Date "1986.??.??"]
[Round "8"]
[White "Conquest, Stuart"]
[Black "Thipsay, Praveen Mahadeo"]
[Result "1/2-1/2"]
[WhiteElo "2430"]
[BlackElo "2375"]

1.d4 Nf6 2.c4 g6 3.Nc3 Bg7 4.e4 d6 5.Be2 O-O 6.Nf3 e5 7.O-O Nc6 8.d5 Ne7
9.Ne1 Nd7 10.Nd3 f5 11.Bd2 Nf6 12.f3 f4 13.c5 g5 14.Rc1 Rf7 15.cxd6 cxd6
16.Nb5 Ng6 17.Qc2 Ne8 18.a4 h5 19.Nf2 Bd7 20.Qb3 Bf8 21.Rc3 a6 22.Na3 Nf6
23.h3 Rg7 24.a5 Nh4 25.Be1 Rc8 26.Nc4 g4 27.fxg4 hxg4 28.hxg4 Nxg4 29.Nxg4 Bxg4
30.Bxg4 Rxg4 31.Bxh4 Qxh4 32.Rh3 Qe7 33.Qf3 Rg5 34.b3 Rc7 35.Kf2 Qd7 36.Rfh1 Bg7
37.Rh7 Qc8 38.Qh3 Qxh3 39.R1xh3 Rg6 40.R7h5 Rc5 41.g3 fxg3+ 42.Rxg3 Rxg3
43.Kxg3 Bf8 44.Rg5+ Kf7 45.Kg4 Rc8 46.Kf5 Rd8 47.Rg6 Be7 48.Re6 Rd7 49.Nb6 Rd8
50.Nc4 Rd7 51.Rh6 Bf8 52.Rf6+ Ke7 53.Nb6 Rc7 54.Nc4 Rd7 55.Kg6 Ke8 56.Nb6 Rg7+
57.Kf5 Be7 58.Rg6 Rxg6 59.Kxg6 Bh4  1/2-1/2

[Event "Kotov mem"]
[Site "Tallinn"]
[Date "1986.??.??"]
[Round "?"]
[White "Gruenberg, Hans Ulrich"]
[Black "Glek, Igor V"]
[Result "0-1"]
[WhiteElo "2460"]
[BlackElo "2430"]

1.d4 Nf6 2.c4 g6 3.Nc3 Bg7 4.e4 d6 5.Be2 O-O 6.Nf3 e5 7.O-O Nc6 8.Be3 Re8
9.dxe5 dxe5 10.Qxd8 Nxd8 11.Nb5 Ne6 12.Ng5 Re7 13.Nxe6 Bxe6 14.f3 b6 15.a4 c6
16.a5 cxb5 17.axb6 bxc4 18.Rxa7 Ree8 19.b3 cxb3 20.Bb5 Red8 21.b7 Rab8 22.Bb6 Bf8
23.Kh1 Rdc8 24.bxc8=Q Bxc8 25.Bd8 Rxb5 26.Bxf6 b2 27.Rb1 Rc5 28.Bg5 h6 29.Be3 Rc3
30.Ra8 Kg7 31.h3 Bxh3 32.Rxf8 Bxg2+ 33.Kxg2 Rc2+ 34.Kg3 Kxf8 35.Bxh6+ Ke7
36.Bg7 f6 37.Bh6 g5 38.Kg4 Rh2 39.Kf5 Kf7 40.Bf8 Rh4  0-1

[Event "Kotov mem"]
[Site "Tallinn"]
[Date "1986.??.??"]
[Round "?"]
[White "Gruenberg, Hans Ulrich"]
[Black "Berg, Klaus"]
[Result "1/2-1/2"]
[WhiteElo "2460"]
[BlackElo "2375"]

1.d4 Nf6 2.c4 g6 3.Nc3 Bg7 4.e4 d6 5.Be2 O-O 6.Nf3 e5 7.O-O Nc6 8.Be3 Ng4
9.Bg5 f6 10.Bh4 Nh6 11.dxe5 dxe5 12.c5 Be6 13.Qa4 g5 14.Bg3 g4 15.Bc4 Qe7
16.Nh4 Nd4 17.Bxe6+ Qxe6 18.Nb5 Nxb5 19.Qxb5 c6 20.Qa4  1/2-1/2

[Event "Agzamov mem"]
[Site "Tashkent"]
[Date "1986.??.??"]
[Round "14"]
[White "Khasin, Alexander"]
[Black "Loginov, Valery A"]
[Result "1/2-1/2"]
[WhiteElo "2420"]
[BlackElo "2355"]

1.Nf3 Nf6 2.c4 g6 3.Nc3 Bg7 4.e4 d6 5.d4 O-O 6.Be2 e5 7.O-O Nc6 8.d5 Ne7
9.b4 Nh5 10.g3 f5 11.Ng5 Nf6 12.f3 f4 13.b5 h6 14.Ne6 Bxe6 15.dxe6 fxg3 16.hxg3 Qc8
17.Nd5 Qxe6 18.Nxc7 Qh3 19.Nxa8 Qxg3+ 20.Kh1 Qh3+ 21.Kg1  1/2-1/2

[Event "Tbilisi"]
[Site "Tbilisi"]
[Date "1986.??.??"]
[Round "?"]
[White "Pekarek, Ales"]
[Black "McDonald, Neil R"]
[Result "0-1"]
[WhiteElo "2445"]
[BlackElo "2495"]

1.Nf3 Nf6 2.c4 g6 3.Nc3 Bg7 4.e4 d6 5.d4 O-O 6.Be2 e5 7.O-O Nc6 8.d5 Ne7
9.Nd2 Ne8 10.b4 f5 11.c5 Nf6 12.f3 g5 13.Nc4 f4 14.a4 h5 15.Ba3 g4 16.b5 dxc5
17.Bxc5 Ng6 18.Bxf8 Bxf8 19.d6 g3 20.h3 Bxh3 21.gxh3 Qd7 22.Ra2 Qxh3 23.Bd3 Rd8
24.Re1 Rxd6 25.Qb3 Kg7 26.Bf1 Qh4 27.Nxd6 Bxd6 28.Bg2 Bc5+ 29.Kf1 Qh2 30.Nd5 Nxd5
31.exd5 Qg1+ 32.Ke2 Qxg2+ 33.Kd1 Qh3 34.Qc3 Bd6 35.Rae2 Qf5 36.Kc1 h4 37.a5 h3
38.b6 axb6 39.axb6 cxb6 40.Kb2 g2 41.Rd2  0-1

[Event "Tirnavia-B"]
[Site "Trnava"]
[Date "1986.??.??"]
[Round "1"]
[White "Cervenka, Imrich"]
[Black "Lanka, Zigurds"]
[Result "1-0"]
[WhiteElo "2250"]
[BlackElo "2370"]

1.d4 Nf6 2.Nf3 g6 3.c4 Bg7 4.Nc3 O-O 5.e4 d6 6.Be2 e5 7.O-O Nc6 8.d5 Ne7
9.Ne1 Nd7 10.f3 f5 11.g4 Kh8 12.Nd3 c5 13.dxc6 bxc6 14.b4 d5 15.Bg5 Nf6 16.Nc5 d4
17.N3a4 h6 18.Bh4 fxg4 19.fxg4 g5 20.Bg3 Ng6 21.Nb2 Nf4 22.Bf3 h5 23.Bxf4 gxf4
24.gxh5 a5 25.Nbd3 Qe7 26.b5 cxb5 27.cxb5 Bh3 28.Rf2 Rg8 29.Kh1 Bh6 30.b6 Ng4
31.Rb2 Ne3 32.Qe2 Rg5 33.b7 Rb8 34.Rg1 Rxg1+ 35.Kxg1 Bf8 36.Rb1 Qg7+ 37.Kh1 Bd6
38.Qf2 Qe7 39.Rc1 Kh7 40.Qb2  1-0

[Event "Tirnavia-B"]
[Site "Trnava"]
[Date "1986.??.??"]
[Round "10"]
[White "Moehring, Guenther"]
[Black "Duriga, Stefan"]
[Result "1/2-1/2"]
[WhiteElo "2375"]
[BlackElo "2315"]

1.d4 Nf6 2.c4 g6 3.Nc3 Bg7 4.e4 d6 5.Nf3 O-O 6.Be2 e5 7.O-O Nc6 8.Be3 Ng4
9.Bg5 f6 10.Bh4 g5 11.Bg3 Nh6 12.dxe5 fxe5 13.h3 Nf7 14.Nd2 Nd4 15.Bg4 c6
16.Re1 Qf6 17.Nf1 Be6 18.Ne3 a6 19.Bxe6 Qxe6 20.Qg4 Qf6 21.Qd1 Rad8 22.a4 Rd7
23.a5 Nd8 24.Ne2 N8e6 25.Nxd4 Nxd4 26.b4 Qg6 27.Nc2 d5 28.cxd5 Nxc2 29.Qxc2 cxd5
30.Qb3 Qf7 31.exd5 Rxd5 32.Re4 Rb5 33.Qxf7+ Rxf7 34.Rae1 h6 35.h4 gxh4 36.Rxh4 Rf5
37.Rc1 Rf7 38.Re4 Rd7 39.f3 Rd4 40.Rc8+ Kh7 41.Rc7 Rxe4 42.fxe4 Kg6 43.Be1 Bf8
44.Rc4 Kg5 45.Kf2 Kg4 46.Bd2 Kh5 47.Ke2 Be7 48.Kf3 Kg6 49.Be1 h5 50.Ke2 h4
51.Kf3 Kh5 52.Bd2 Bg5 53.Bc3 Be7 54.Be1 Bf8 55.Bd2 Be7 56.Bc3 Bd6 57.Be1 Bf8
58.Bd2 Be7 59.Bc3 Bd6 60.Kf2 Kg4 61.Bd2 Be7  1/2-1/2

[Event "Hoogovens"]
[Site "Wijk aan Zee"]
[Date "1986.??.??"]
[Round "?"]
[White "Sosonko, Gennadi"]
[Black "Hellers, Ferdinand"]
[Result "1/2-1/2"]
[WhiteElo "2525"]
[BlackElo "2435"]

1.d4 Nf6 2.c4 g6 3.Nc3 Bg7 4.e4 d6 5.Nf3 O-O 6.Be2 e5 7.O-O Nc6 8.d5 Ne7
9.Ne1 Nd7 10.Nd3 f5 11.Bd2 Nf6 12.f3 f4 13.c5 g5 14.cxd6 cxd6 15.Nf2 Ng6
16.Qc2 Rf7 17.Rfc1 h5 18.h3 g4 19.hxg4 hxg4 20.fxg4 Ne8 21.a4 Bf6 22.Ra3 Bh4
23.Ncd1 Bg3 24.Nh3 Qh4 25.Ndf2 Nf6 26.Qd1 Bd7 27.a5 Raf8 28.Be1  1/2-1/2

[Event "AUT-ch"]
[Site "Austria"]
[Date "1987.??.??"]
[Round "7"]
[White "Steiner, Ulrich A"]
[Black "Schlosser, Michael"]
[Result "1-0"]
[WhiteElo "2290"]
[BlackElo "2350"]

1.c4 g6 2.Nc3 Bg7 3.d4 Nf6 4.e4 d6 5.Nf3 O-O 6.Be2 e5 7.O-O Nc6 8.d5 Ne7
9.b4 Nh5 10.a3 f5 11.Be3 Nf6 12.Rc1 a6 13.Ng5 h6 14.Ne6 Bxe6 15.dxe6 fxe4
16.Qb3 Kh7 17.Nd5 Re8 18.Nxf6+ Bxf6 19.Qb1 Nf5 20.Qxe4 c6 21.Bg4 Ng7 22.Rcd1 h5
23.Bh3 Nxe6 24.Bxe6 Rxe6 25.f4 Kg7 26.f5 gxf5 27.Rxf5 Qe8 28.Qf3 Qg6 29.Rxh5 e4
30.Qh3 Rae8 31.Rh6 b5 32.Rxg6+ Kxg6 33.Qh6+ Kf7 34.cxb5 axb5 35.Qh7+ Bg7
36.Bd4 Rg8 37.Rf1+  1-0